LEADER 01412nam 2200457 450 001 9910466786503321 005 20200520144314.0 010 $a1-60491-849-7 035 $a(CKB)4100000006994633 035 $a(MiAaPQ)EBC5520477 035 $a(Au-PeEL)EBL5520477 035 $a(OCoLC)1055041290 035 $a(EXLCZ)994100000006994633 100 $a20190107h20182000 uy 0 101 0 $apor 135 $aurcnu|||||||| 181 $ctxt$2rdacontent 182 $cc$2rdamedia 183 $acr$2rdacarrier 200 10$aFeedback que funciona $ecomo construir e passar sua mensagem /$fSloan R. Weitzel 210 1$a[Place of publication not identified] :$cCenter for Creative Leadership,$d2018. 210 4$d©2000 215 $a1 online resource (36 pages) 225 1 $aGuias "passar das ideias ą prįtica" 225 1 $aCCL ;$vNo. 00405PT 300 $aPlace of publication from publisher's website. 300 $aText in Portuguese for Europe. 311 $a1-60491-848-9 320 $aIncludes bibliographical references. 606 $aSupervision of employees 608 $aElectronic books. 615 0$aSupervision of employees. 676 $a658.302 700 $aWeitzel$b Sloan R.$0865761 801 0$bMiAaPQ 801 1$bMiAaPQ 801 2$bMiAaPQ 906 $aBOOK 912 $a9910466786503321 996 $aFeedback que funciona$91968728 997 $aUNINA LEADER 01759nlm 2200313 450 001 996459353403316 005 20220308110152.0 100 $a20131216h2013---- uy| 0 101 0 $aeng 102 $aNL 135 $adrcnu 200 1 $aClimate change, air pollution and global challenges$eunderstanding and perspectives from forest research$fedited by R. Matyssek, ... [et al.] 210 1 $aAmsterdam$cElsevier$d2013 215 $aTesto elettronico (PDF) (622 p.) 225 2 $aDevelopments in environmental science$v13 230 $aBase dati testuale 330 $aCi sono pressioni significative dovute al cambiamento climatico e all'inquinamento atmosferico che le foreste devono attualmente affrontare. Questo libro mira ad aumentare la comprensione dello stato e del potenziale degli ecosistemi forestali per mitigare e adattarsi ai cambiamenti climatici in un ambiente inquinato. Concilia la ricerca orientata ai processi, il monitoraggio a lungo termine e la modellazione applicata attraverso una ricerca globale sugli ecosistemi forestali. Inoltre, introduce ""super siti forestali per la ricerca? per l'integrazione delle scienze e del monitoraggio del suolo, delle piante e dell'atmosfera. Fornisce inoltre modelli meccanicistici e orientati alle politiche con soliditą scientifica 410 0$aDevelopments in environmental science$v, 13 606 0 $aCambiamento climatico [e] Inquinamento atmosferico$2BNCF 676 $a614.7 700 1$aMATYSSEK,$bRainer$01012647 801 0$bcba$aIT$bcba$gREICAT 801 1$bcba$aIT$bcba$gREICAT 801 2$bcba$aIT$bcba$gREICAT 912 $a996459353403316 959 $aEB 969 $aER 996 $aClimate change, air pollution and global challenges$92780153 997 $aUNISA LEADER 01593oam 2200337z- 450 001 9910136127203321 005 20160917084219.0 010 $a0-7369-6588-2 035 $a(CKB)3710000000914957 035 $a(VLeBooks)9780736965880 035 $a(EXLCZ)993710000000914957 100 $a20210505c2016uuuu -u- - 101 0 $aeng 200 $aA Heart Once Broken 210 $cHarvest House Publishers 215 $a1 online resource (333 p.) 225 $aThe St. Lawrence County Amish 311 $a0-7369-6587-4 330 $aBestselling Amish fiction author Jerry Eicher returns with the first of three stand-alone books in The St. Lawrence County Amish series. Cousins Lydia and Sandra Troyer and their friend, Rosemary Beiler have always been close. The two cousins, however, both have eyes for handsome Ezra Wagler, leaving Rosemary to watch from the sidelines. But when the cousins' fathers face financial ruin, Lydia and Sandra make a deal as to who should have Ezra's affections...at which point Rosemary decides to make a play for Ezra herself. With more than 20 novels in print and sales of 600,000+ books to his credit, Jerry's loyal fans eagerly await this compelling new series.Book One The St. Lawrence County Amish 606 $aAmish 606 $aMan-woman relationships 606 $aMate selection 615 0$aAmish. 615 0$aMan-woman relationships. 615 0$aMate selection. 676 $a813.6 700 $aEicher$b Jerry S$01243554 906 $aBOOK 912 $a9910136127203321 996 $aA heart once broken$92892323 997 $aUNINA